[Event "16eme open de Louviers"]
[Site "?"]
[Date "2013.05.12"]
[Round "8"]
[White "Jolly, Hugo"]
[Black "Berrou, Andre"]
[Result "0-1"]
[WhiteElo "1520"]
[BlackElo "1794"]
[PlyCount "118"]
[EventDate "2012.05.13"]
[SourceDate "2013.05.19"]

1. e4 e5 2. Nf3 Nf6 3. Nc3 Nc6 4. d4 exd4 5. Nxd4 d6 6. Bb5 Bd7 7. O-O Nxd4 8.
Qxd4 Bxb5 9. Nxb5 a6 10. Nc3 Be7 11. b3 O-O 12. Bb2 c5 13. Qd3 b5 14. a3 Re8
15. Rfe1 Bf8 16. Rad1 Qb6 17. Nd5 Nxd5 18. Qxd5 Rac8 19. Rd3 Re6 20. Rg3 Qc6
21. Qxc6 Rxc6 22. Rg4 f5 23. Rf4 Rxe4 24. Rfxe4 fxe4 25. Rxe4 d5 26. Re8 Kf7
27. Rd8 Re6 28. Kf1 d4 29. b4 cxb4 30. axb4 Bxb4 31. g3 Re1+ 32. Kg2 Re2 33.
Rxd4 Bc5 34. Rd7+ Ke6 35. Rxg7 Rxf2+ 36. Kh3 Rxc2 37. Ba1 Ra2 38. Bc3 Bg1 39.
g4 Rxh2+ 40. Kg3 Rc2 41. Bb4 Bh2+ 42. Kf3 Rc7 43. Rg8 Rc4 44. Bd2 b4 45. Rg7
Rc7 46. Rxc7 Bxc7 47. Bxb4 a5 48. Ba3 Bd6 49. Bb2 Kd5 50. g5 a4 51. Kg4 Ke4 52.
Kh5 Bf8 53. g6 hxg6+ 54. Kxg6 Kd3 55. Kf5 Kc2 56. Ba1 Kb1 57. Bc3 a3 58. Ke4 a2
59. Kd3 Ba3 0-1

[Event "16eme open de Louviers"]
[Site "?"]
[Date "2013.05.12"]
[Round "8"]
[White "Houriez, Philippe"]
[Black "Arinal, Serge"]
[Result "0-1"]
[WhiteElo "1616"]
[BlackElo "1636"]
[PlyCount "84"]
[EventDate "2012.05.13"]
[SourceDate "2013.05.19"]

1. c4 Nf6 2. Nc3 e6 3. g3 Bb4 4. Bg2 Bxc3 5. bxc3 d6 6. Qb3 c6 7. d4 Nbd7 8.
Ba3 Nb6 9. c5 dxc5 10. Bxc5 Nbd5 11. Nf3 Ne4 12. Bb4 Nxb4 13. Qxb4 Qd6 14. Qxd6
Nxd6 15. Ne5 O-O 16. O-O Nb5 17. Nxc6 bxc6 18. Bxc6 Rb8 19. Rab1 Ba6 20. Rb3
Nd6 21. Bf3 Bc4 22. Ra3 a6 23. Re1 Rb2 24. Ra4 Rfb8 25. e4 Bb5 26. Rb4 Rxa2 27.
e5 Nc4 28. Be2 Rc8 29. Bxc4 Bxc4 30. Rc1 g6 31. Rcb1 Rc2 32. Rb8 Rxb8 33. Rxb8+
Kg7 34. Rc8 Rxc3 35. h4 Rc1+ 36. Kh2 Rc2 37. Kg1 Bd3 38. Rd8 Be4 39. Kf1 a5 40.
Rb8 a4 41. Rb4 a3 42. Ra4 a2 0-1

[Event "16eme open de Louviers"]
[Site "?"]
[Date "2013.05.12"]
[Round "8"]
[White "Bonte, Gerard"]
[Black "Deheij, Gerrit"]
[Result "1-0"]
[WhiteElo "1420"]
[BlackElo "1720"]
[PlyCount "85"]
[EventDate "2012.05.13"]
[SourceDate "2013.05.19"]

1. c4 d5 2. cxd5 Nf6 3. Nf3 Nxd5 4. g3 Bf5 5. d3 Bd7 6. Bg2 Bc6 7. O-O g6 8.
Bd2 Bg7 9. Nc3 e6 10. a3 O-O 11. Rc1 a5 12. Qc2 Ne7 13. Rfd1 Nd7 14. a4 Nb6 15.
b3 Nbd5 16. Nxd5 Nxd5 17. e4 Nb4 18. Bxb4 axb4 19. d4 Rc8 20. Qd2 Bxe4 21. Qxb4
b6 22. Ne1 Bd5 23. Bxd5 Qxd5 24. Rd3 h5 25. Qc4 Qe4 26. Rcd1 h4 27. f3 Qf5 28.
Kg2 Bf6 29. Nc2 Kg7 30. Ne3 h3+ 31. Kf2 Qh5 32. Ng4 Be7 33. Ne5 Bd6 34. f4 g5
35. Qc1 f6 36. Nc4 gxf4 37. Nxd6 fxg3+ 38. Rxg3+ Kh7 39. Nxc8 Rxc8 40. Qc2+ f5
41. Rdg1 Rf8 42. Qd3 Kh8 43. Rxh3 1-0

[Event "16eme open de Louviers"]
[Site "?"]
[Date "2013.05.12"]
[Round "8"]
[White "Blondel, Jean-Michel"]
[Black "Grenet, Dominique"]
[Result "1/2-1/2"]
[WhiteElo "1541"]
[BlackElo "1489"]
[PlyCount "102"]
[EventDate "2012.05.13"]
[SourceDate "2013.05.19"]

1. e4 e5 2. Nf3 Nc6 3. d4 exd4 4. Nxd4 Nxd4 5. Qxd4 d6 6. Bc4 Qe7 7. O-O Be6 8.
Bd3 c5 9. Qe3 g6 10. c3 Bg7 11. Nd2 Nf6 12. h3 O-O 13. Re1 Rad8 14. Nf3 Qc7 15.
Bf1 Rfe8 16. Qe2 Bd5 17. e5 Bxf3 18. Qxf3 dxe5 19. Bg5 Rd6 20. Rad1 Rb6 21. Qe2
Rbe6 22. Qc2 a6 23. Bc4 Rb6 24. Re2 Nh5 25. g4 Nf6 26. Rde1 Rc6 27. Qb3 Re7 28.
f4 h6 29. Bh4 g5 30. fxg5 Nh7 31. g6 Ng5 32. gxf7+ Kf8 33. Bxg5 hxg5 34. Re3
Rf6 35. Rf1 Qd6 36. Qd1 b5 37. Qxd6 Rxd6 38. Be2 Rxf7 39. Rxf7+ Kxf7 40. c4 b4
41. Bf3 Rd4 42. Kg2 Rd2+ 43. Re2 Rxe2+ 44. Bxe2 Ke6 45. Kf3 e4+ 46. Kxe4 Bxb2
47. Bd3 a5 48. Bc2 Be5 49. Ba4 Bd6 50. Bc6 Be7 51. Bd5+ Kf6 1/2-1/2

[Event "16eme open de Louviers"]
[Site "?"]
[Date "2013.05.12"]
[Round "8"]
[White "Roche, Jan-Francois"]
[Black "Pineau, Patrick"]
[Result "0-1"]
[WhiteElo "1610"]
[BlackElo "1397"]
[PlyCount "68"]
[EventDate "2012.05.13"]
[SourceDate "2013.05.19"]

1. Nf3 c5 2. b3 d6 3. Bb2 Nf6 4. e3 Nc6 5. Bb5 Bd7 6. O-O e5 7. Nc3 Be7 8. e4
O-O 9. Bxc6 Bxc6 10. d3 a6 11. Ne2 b6 12. Ng3 Bd7 13. Nh4 Nxe4 14. dxe4 Bxh4
15. Qxd6 Bb5 16. Qxd8 Raxd8 17. c4 Bc6 18. Nf5 Bf6 19. f3 Rd2 20. Bc1 Rd3 21.
Ne3 Bg5 22. Nd5 Bxd5 23. cxd5 Be7 24. Rb1 f5 25. Bb2 Bd6 26. Rbd1 Rxd1 27. Rxd1
fxe4 28. fxe4 Rf4 29. Re1 b5 30. Bc1 Rf7 31. Re2 h6 32. Rc2 c4 33. bxc4 Bc5+
34. Rf2 Rxf2 0-1

[Event "16eme open de Louviers"]
[Site "?"]
[Date "2013.05.12"]
[Round "8"]
[White "Voegele, Francois-Marie"]
[Black "Varigault, Nicole"]
[Result "0-1"]
[WhiteElo "1080"]
[BlackElo "1190"]
[PlyCount "64"]
[EventDate "2012.05.13"]
[SourceDate "2013.05.19"]

1. f4 Nf6 2. Nc3 d5 3. e3 Bf5 4. d3 e6 5. Be2 Bb4 6. Bd2 c6 7. Nf3 O-O 8. O-O
Nbd7 9. a3 Bc5 10. Re1 Ng4 11. Nd4 Bxd4 12. exd4 Ndf6 13. Bf3 Qb6 14. Ne2 c5
15. Bc3 Ne3 16. Qc1 Neg4 17. dxc5 Qxc5+ 18. Kh1 Rad8 19. Bd4 Qa5 20. c3 b6 21.
Rd1 Qb5 22. Qc2 Rde8 23. c4 dxc4 24. Bg1 Nd5 25. Nd4 Qd7 26. Nxf5 exf5 27. dxc4
Nge3 28. Qb3 Nxd1 29. cxd5 Re1 30. Bxd1 Qd6 31. Qd3 Qc5 32. h3 Qxg1# 0-1

[Event "16eme open de Louviers"]
[Site "?"]
[Date "2013.05.12"]
[Round "9"]
[White "Boizante, Yvain"]
[Black "Arinal, Serge"]
[Result "1/2-1/2"]
[WhiteElo "2201"]
[BlackElo "1636"]
[PlyCount "46"]
[EventDate "2012.05.13"]
[SourceDate "2013.05.19"]

1. e4 e6 2. d4 d5 3. Nc3 Nf6 4. e5 Nfd7 5. f4 c5 6. Nf3 Nc6 7. Be3 cxd4 8. Nxd4
a6 9. Qd2 Nc5 10. g3 Nxd4 11. Bxd4 b5 12. a3 Bb7 13. Bg2 Ne4 14. Nxe4 dxe4 15.
Qe3 Rc8 16. Bxe4 Bxe4 17. Qxe4 Qc7 18. c3 Bc5 19. Rd1 O-O 20. Bxc5 Qxc5 21. Qd4
Qc6 22. O-O h6 23. Qb4 Qb6+ 1/2-1/2

[Event "16eme open de Louviers"]
[Site "?"]
[Date "2013.05.12"]
[Round "9"]
[White "Chalmeton, Guillaume"]
[Black "Levesque, Thomas"]
[Result "1-0"]
[WhiteElo "2077"]
[BlackElo "1989"]
[PlyCount "81"]
[EventDate "2012.05.13"]
[SourceDate "2013.05.19"]

1. c4 Nf6 2. Nc3 g6 3. e4 d6 4. g3 Bg7 5. Bg2 O-O 6. Nge2 e5 7. O-O c5 8. d3 h6
9. Rb1 Nc6 10. a3 a5 11. h3 Ne8 12. Be3 Nd4 13. b4 axb4 14. axb4 Nc7 15. f4 b6
16. Qd2 Kh7 17. Nd5 Nxd5 18. cxd5 Nxe2+ 19. Qxe2 f5 20. bxc5 bxc5 21. Qd2 fxe4
22. dxe4 Ba6 23. Rf2 c4 24. f5 gxf5 25. exf5 Rb8 26. Ra1 Qc8 27. Be4 Bf6 {(=)}
28. Bxh6 c3 29. Qe3 Rf7 30. Rc2 Rb3 31. g4 Qc4 32. g5 Rfb7 33. g6+ Kg8 34. Kh2
Rb2 35. Kg3 Bh4+ 36. Kxh4 Rxc2 37. Rxa6 Qxa6 38. Qg5 Qa8 39. f6 Rg7 40. f7+ Kf8
41. Qf6 1-0

[Event "16eme open de Louviers"]
[Site "?"]
[Date "2013.05.12"]
[Round "9"]
[White "Berrou, Andre"]
[Black "Andrieu, Philippe"]
[Result "1/2-1/2"]
[WhiteElo "1794"]
[BlackElo "1898"]
[Annotator "Fritz"]
[PlyCount "153"]
[EventDate "2012.05.13"]
[SourceDate "2013.05.19"]

1. e4 c5 2. Nf3 Nc6 3. d4 cxd4 4. Nxd4 e5 5. Nb5 d6 6. N1c3 a6 7. Na3 Nf6 8. f3
Be7 9. Bd3 O-O 10. O-O Be6 11. Be3 d5 12. exd5 Nxd5 13. Nxd5 Bxd5 14. Nc4 Rb8
15. Bb6 Qd7 16. Be4 Be6 17. Qxd7 Bxd7 18. Bc7 Rbc8 19. Bxe5 Be6 20. Bxc6 Rxc6
21. Ne3 Bc5 22. Rfe1 Bf5 23. c3 Rd8 24. Bd4 Rxd4 25. cxd4 Bxd4 26. Rad1 Bb6 27.
Kh1 Be6 28. Nd5 Kf8 29. Nxb6 Rxb6 30. b3 g6 31. Kg1 Kg7 32. Kf2 h5 33. h4 Kf6
34. Rd4 Rc6 35. Rf4+ Kg7 36. g4 hxg4 37. fxg4 Rc5 38. g5 b5 39. Re2 Rc7 40. b4
Rc1 41. a3 Ra1 42. Re3 Rc1 43. Rd4 Rc6 44. Red3 Bc8 45. Ke3 Bf5 46. Rd6 Rc4 47.
R3d4 Rc3+ 48. Kf4 Rxa3 49. h5 a5 50. bxa5 Rxa5 51. Rd8 Be6 52. h6+ Kh7 53. Rb8
Ra4 54. Ke5 f6+ 55. Kxe6 Rxd4 56. Rb7+ Kh8 57. Kxf6 Rd6+ 58. Ke5 Rd8 59. Rxb5
Ra8 60. Rd5 Kh7 61. Rd7+ Kh8 62. Kf6 Ra6+ 63. Kf7 Kh7 64. Re7 Ra8 65. Kf6+ Kh8
66. Kxg6 Rg8+ 67. Kh5 Ra8 68. h7 (68. Re5 Kg8 69. g6 Kf8 70. Rf5+ Ke7 71. g7
Rg8 72. h7 Rxg7 73. h8=Q Ke6 74. Qc8+ Kd6 75. Qd8+ Kc6 76. Qf6+ Kc7 77. Qxg7+
Kd6 78. Qg6+ Ke7 79. Rf7+ Ke8 80. Qg8#) 68... Ra5 69. Re8+ Kxh7 70. Re7+ Kg8
71. Kh6 Ra1 72. Kg6 Ra6+ 73. Kh5 Kf8 74. Rh7 Ra1 75. g6 $11 Rh1+ 76. Kg5 Rxh7
77. gxh7 1/2-1/2

[Event "16eme open de Louviers"]
[Site "?"]
[Date "2013.05.12"]
[Round "9"]
[White "Dhieux, Francky"]
[Black "Vigneron, Frederic"]
[Result "1/2-1/2"]
[WhiteElo "1948"]
[BlackElo "1923"]
[PlyCount "58"]
[EventDate "2012.05.13"]
[SourceDate "2013.05.19"]

1. e4 d6 2. d4 Nf6 3. Nc3 c6 4. f4 Qa5 5. Qd3 d5 6. Bd2 dxe4 7. Nxe4 Qf5 8. Nf2
Qxd3 9. Bxd3 g6 10. Nf3 Bg7 11. O-O-O O-O 12. Rde1 Re8 13. Re2 Bg4 14. Nxg4
Nxg4 15. Rhe1 e6 16. h3 Nf6 17. g4 Nbd7 18. f5 exf5 19. gxf5 Rxe2 20. Rxe2 Re8
21. fxg6 hxg6 22. Rxe8+ Nxe8 23. Bc4 Nd6 24. Bb3 Ne4 25. Be1 Bh6+ 26. Kd1 Ndf6
27. Ne5 Nd5 28. c3 Kg7 29. Bc2 Ne3+ 1/2-1/2

[Event "16eme open de Louviers"]
[Site "?"]
[Date "2013.05.12"]
[Round "9"]
[White "Bonte, Gerard"]
[Black "Rousselin, Marc"]
[Result "1/2-1/2"]
[WhiteElo "1420"]
[BlackElo "1626"]
[PlyCount "49"]
[EventDate "2012.05.13"]
[SourceDate "2013.05.19"]

1. c4 c5 2. Nc3 Nc6 3. Nf3 d6 4. g3 g6 5. Bg2 Bg7 6. O-O e6 7. e4 Nge7 8. d3
O-O 9. a3 Rb8 10. Rb1 a6 11. Qc2 b5 12. cxb5 axb5 13. b4 cxb4 14. axb4 Bd7 15.
Bd2 Qc7 16. Rfc1 Rfc8 17. Nd1 Qa7 18. Qb3 Nd4 19. Nxd4 Bxd4 20. Be3 e5 21. Bxd4
Qxd4 22. Ne3 Be6 23. Rxc8+ Rxc8 24. Qb2 Qxd3 25. Rd1 1/2-1/2

[Event "16eme open de Louviers"]
[Site "?"]
[Date "2013.05.12"]
[Round "9"]
[White "Grenet, Dominique"]
[Black "Houriez, Philippe"]
[Result "1/2-1/2"]
[WhiteElo "1489"]
[BlackElo "1616"]
[PlyCount "117"]
[EventDate "2012.05.13"]
[SourceDate "2013.05.19"]

1. e4 e5 2. Nf3 Nf6 3. Nc3 Nc6 4. Bb5 d6 5. O-O Be7 6. Re1 Bg4 7. Bxc6+ bxc6 8.
h3 Bh5 9. d3 Nd7 10. Be3 O-O 11. g4 Bg6 12. Kg2 h5 13. Rh1 Nf6 14. Nh2 Nh7 15.
Qe2 hxg4 16. hxg4 Bg5 17. Rag1 Bxe3 18. Qxe3 d5 19. Qh3 Ng5 20. Qg3 dxe4 21.
dxe4 Nxe4 22. Nxe4 Bxe4+ 23. Nf3 Qf6 24. Rh3 Qxf3+ 25. Qxf3 Bxf3+ 26. Kxf3 Rad8
27. Rgh1 f6 28. Ke2 Kf7 29. Rc3 Rd6 30. Rd1 Ke6 31. Ra3 Ra8 32. Rdd3 Rxd3 33.
Kxd3 g6 34. Kc4 a5 35. Kc5 Ra6 36. b4 f5 37. f3 e4 38. Kd4 exf3 39. gxf5+ gxf5
40. Ke3 Kd5 41. Kxf3 Kc4 42. c3 Kb5 43. Kf4 axb4 44. Rb3 c5 45. Rb2 Ra3 46.
cxb4 cxb4 47. Kxf5 c5 48. Ke4 Kc4 49. Rf2 Rc3 50. Ke5 Kd3 51. Kd5 c4 52. Kc5 b3
53. axb3 Rxb3 54. Rf3+ Kc2 55. Rf2+ Kd3 56. Rf3+ Ke4 57. Rf1 c3 58. Kc4 Rb8 59.
Kxc3 1/2-1/2

[Event "16eme open de Louviers"]
[Site "?"]
[Date "2013.05.12"]
[Round "9"]
[White "Jolly, Arthur"]
[Black "Blondel, Jean-Michel"]
[Result "1-0"]
[WhiteElo "1440"]
[BlackElo "1541"]
[PlyCount "65"]
[EventDate "2012.05.13"]
[SourceDate "2013.05.19"]

1. c4 e5 2. Nc3 Nc6 3. g3 d6 4. Bg2 Bd7 5. e3 Nf6 6. Nge2 Be7 7. O-O O-O 8. d4
exd4 9. Nxd4 Nxd4 10. Qxd4 c6 11. Qd1 Re8 12. b4 d5 13. cxd5 Bxb4 14. Bb2 Bxc3
15. Bxc3 Bg4 16. Bxf6 Qd7 17. f3 Rxe3 18. fxg4 gxf6 19. dxc6 Qxd1 20. Raxd1
bxc6 21. Rxf6 Rb8 22. Bxc6 Rb2 23. Bd5 Kg7 24. Rxf7+ Kg6 25. Rdf1 Ree2 26.
R1f6+ Kg5 27. h4+ Kxg4 28. Rg7+ Kh3 29. Be6+ Rxe6 30. Rxe6 Rxa2 31. Rxh7 Rg2+
32. Kf1 Rxg3 33. h5 1-0

[Event "16eme open de Louviers"]
[Site "?"]
[Date "2013.05.12"]
[Round "9"]
[White "Varigault, Nicole"]
[Black "Jolly, Hugo"]
[Result "0-1"]
[WhiteElo "1190"]
[BlackElo "1520"]
[PlyCount "100"]
[EventDate "2012.05.13"]
[SourceDate "2013.05.19"]

1. e4 c5 2. Nf3 d6 3. c4 Nf6 4. Nc3 Bg4 5. Be2 Nc6 6. a3 Bxf3 7. Bxf3 Nd4 8.
O-O Rb8 9. d3 e6 10. Nb5 Nxb5 11. cxb5 Qb6 12. a4 Be7 13. Be3 O-O 14. b4 a6 15.
bxc5 dxc5 16. Rb1 Rfd8 17. Qb3 axb5 18. Rfd1 b4 19. Qc4 e5 20. Qb5 Qxb5 21.
axb5 Ra8 22. Be2 b6 23. Ra1 Rab8 24. Ra6 Ne8 25. f4 f6 26. Ra7 Kf8 27. fxe5
fxe5 28. Rf1+ Bf6 29. Bg5 Kg8 30. h4 Bxg5 31. hxg5 Nd6 32. Re7 Nxb5 33. Rff7
Nd6 34. Rxg7+ Kf8 35. Rxh7 b3 36. Bd1 b2 37. Bc2 b5 38. Re6 Kg8 39. g6 Rb7 40.
Rh6 b4 41. Rf6 Kg7 42. Re6 Kxh6 43. Rxe5 b3 44. Rxc5 bxc2 45. Rxc2 b1=Q+ 46.
Kh2 Qxc2 47. e5 Rb2 48. Kg3 Qxg2+ 49. Kf4 Rf2+ 50. Ke3 Nf5# 0-1

[Event "16eme open de Louviers"]
[Site "?"]
[Date "2013.05.12"]
[Round "9"]
[White "Deheij, Gerrit"]
[Black "Vieren-Hamelet, Richard"]
[Result "1-0"]
[WhiteElo "1720"]
[BlackElo "1080"]
[PlyCount "69"]
[EventDate "2012.05.13"]
[SourceDate "2013.05.19"]

1. e4 Nf6 2. e5 Nd5 3. d4 d6 4. c4 Nb6 5. exd6 exd6 6. Nf3 Be7 7. Be2 h6 8. O-O
Be6 9. b3 Bf5 10. Bb2 Bf6 11. Re1 O-O 12. Bd3 Nc6 13. Bxf5 d5 14. c5 Nd7 15.
Nc3 Re8 16. Rxe8+ Qxe8 17. Nxd5 Rc8 18. Bxd7 Qxd7 19. Nxf6+ gxf6 20. a3 Re8 21.
Qd2 Qg4 22. Qxh6 Qg6 23. Qxg6+ fxg6 24. Re1 Rxe1+ 25. Nxe1 Na5 26. b4 Nc4 27.
Bc1 c6 28. Nc2 b5 29. Ne3 a6 30. Nxc4 bxc4 31. f4 f5 32. Kf2 Kf8 33. Ke3 Ke8
34. Kd2 Kd8 35. Kc3 1-0

[Event "16eme open de Louviers"]
[Site "?"]
[Date "2013.05.12"]
[Round "9"]
[White "Pineau, Patrick"]
[Black "Voegele, Francois-Marie"]
[Result "1-0"]
[WhiteElo "1397"]
[BlackElo "1090"]
[PlyCount "91"]
[EventDate "2012.05.13"]
[SourceDate "2013.05.19"]

1. e4 c5 2. Nf3 d6 3. Bb5+ Bd7 4. Bc4 e6 5. d4 cxd4 6. Nxd4 Nf6 7. Nd2 Nc6 8.
c3 Be7 9. O-O O-O 10. Re1 e5 11. N4f3 Re8 12. Ng5 Rf8 13. Qb3 Qb6 14. Bxf7+ Kh8
15. Qc2 h6 16. Be6 hxg5 17. Nc4 Qc7 18. Bd5 Nh7 19. Ne3 Rf6 20. Qe2 Raf8 21. f3
Be6 22. Bxe6 Rxe6 23. Nf5 Nd8 24. Be3 Nc6 25. Qf2 g6 26. Nh6 Rff6 27. Bxa7 Kg7
28. Ng4 Rf8 29. Qg3 Nf6 30. Be3 Nxg4 31. Qxg4 Kh6 32. Qxe6 Nd8 33. Qh3+ Kg7 34.
Qg4 Kh6 35. Kf2 Qc6 36. g3 Qe8 37. h4 Qf7 38. hxg5+ Kg7 39. Rh1 Qe8 40. f4 Qf7
41. Rh6 Qc4 42. Rah1 Nf7 43. Rh7+ Kg8 44. Qh4 Qxe4 45. Rh8+ Nxh8 46. Qh7# 1-0